000 00757nam a2200265Ia 4500
003 OSt
005 20220918163942.0
006 a|||||r|||| 00| 0
007 ta
008 220917b |||||||| |||| 00| 0 eng d
020 _a0335094600 (pbk)
024 _a12,261
037 _cTextual
040 _aARTS
_cARTS
_beng
041 _2eng
_aeng
082 _aO111,1L70:g, N3
100 _aEasthope Antony
_916198
245 0 _aWordsworth now and then
_b Romanticism and contemporary culture
260 _aBuckingham
_bOpen Univ Press
_c1993
300 _axvii,153p.
_ccm.
500 _aIncludes index
650 _aWORDSWORTH, WILLIAM
_915747
942 _hO111,1L70:g, N3
_cTEXL
_2CC
999 _c122288
_d122288